Mixed Word: Clues in the Style of Their Answers Quiz Stats

 Plays Quiz Updated Jun 22, 2017

Support Sporcle.
Go Orange.
Score 0/16 Timer 05:00
1 Play Today
Clue (in the style of its answer) Answer % Correct
DXIEM DRWSOMixed Words
96%
SEQUNOTI?Question
90.8%
ʍoup pǝısndUpside Down
88.8%
orewl secalower case
86.6%
HPEHYN-
ETAD
Hyphenated
84.2%
IDENTICALIDENTICAL
83.1%
SITH SI ETH AFLIN LUCE FO TEH MAGEThis Is The Final Clue Of The Game
82.2%
P  S  E  C  A  D      U  T  OSpaced Out
81.7%
Clue (in the style of its answer) Answer % Correct
'UCTPUNADET.'Punctuated
80.6%
DESREVERReversed
75.5%
HRYSEM ITWH 'SEMRHY'Rhymes with 'Rhymes'
69.4%
APRI IRAP    PRIA RIAPPairs   (Pair Pair   Pair Pair)
68.3%
PIETEARNG TEREAPING RAPETGEINRepeating   (Repeating Repeating Repeating)
62.8%
TRANSTOSIPIONTransposition
62.2%
OONERSPISMSpoonerism
53%
rabb.Abbreviation   (abbr.)
50.5%

You're not logged in!

Compare scores with friends on all Sporcle quizzes.
OR
Log In
Forgot?

From the Vault

What Movie? Trains in Movies

by Larryholmes79

We were trying to think of a pun here, but we lost our train of thought.
Remove Ads.
Support Sporcle.
Get the best of Sporcle when you Go Orange. This ad-free experience offers more features, more stats, and more fun while also helping to support Sporcle. Thank you for becoming a member.

Show Comments

Extras

Top Quizzes Today


Score Distribution

Your Account Isn't Verified!

In order to create a playlist on Sporcle, you need to verify the email address you used during registration. Go to your Sporcle Settings to finish the process.

Report this User

Report this user for behavior that violates our Community Guidelines.

Details: